Star wars episode IV, a new hope
Ο Luke Skywalker ζει με την θετή θεία και τον θείο του σε μία φάρμα στο Tatooine. Θέλει απεγνωσμένα να φύγει από τον πλανήτη του και να γίνει μέλος της Ακαδημίας, όπως και οι φίλοι του, αλλά ο θείος του τον χρειάζεται για την επόμενη συγκομιδή. Εντωμεταξύ, ένας ύπουλος αυτοκράτορας έχει καταλάβει το...
Αποθηκεύτηκε σε:
| Άλλοι συγγραφείς: | , , , , , |
|---|---|
| Μορφή: | |
| Γλώσσα: | English Multiple |
| Δημοσίευση: |
[S.l.] :
Lucasfilm,
c2004.
|
| Θέματα: | |
| Ετικέτες: |
Προσθήκη ετικέτας
Δεν υπάρχουν, Καταχωρήστε ετικέτα πρώτοι!
|
MARC
| LEADER | 00000cgm a2200000 i 4500 | ||
|---|---|---|---|
| 001 | 1/23105 | ||
| 008 | 121001s2004 gr ||| | || ||eng|| | ||
| 035 | |l 10113180 | ||
| 040 | |a GR-MyUa |b gre |e AACR2 | ||
| 041 | 0 | |a eng |j mul | |
| 082 | 7 | |a 791.437 |2 (22) | |
| 245 | 0 | 0 | |a Star wars |h [μαγνητοσκόπηση] : |b episode IV, a new hope / |c written and directed by George Lucas. |
| 260 | |a [S.l.] : |b Lucasfilm, |c c2004. | ||
| 300 | |a 1 βιντεοδίσκος (120 λεπτ.) : |b ομίλ., έγχρ. ; |c 4 3/4 ίν. | ||
| 500 | |a Κυκλοφόρησε πρώτη φορά ως κινηματογραφική ταινία το 1977. | ||
| 508 | |a Παραγωγή, Gary Kurtz ; μουσική, John Williams. | ||
| 511 | 0 | |a Mark Hamill, Harrison Ford, Carrie Fisher, Peter Cushing, Alec Guinness. | |
| 520 | 8 | |a Ο Luke Skywalker ζει με την θετή θεία και τον θείο του σε μία φάρμα στο Tatooine. Θέλει απεγνωσμένα να φύγει από τον πλανήτη του και να γίνει μέλος της Ακαδημίας, όπως και οι φίλοι του, αλλά ο θείος του τον χρειάζεται για την επόμενη συγκομιδή. Εντωμεταξύ, ένας ύπουλος αυτοκράτορας έχει καταλάβει τον γαλαξία και έχει κατασκευάσει ένα φοβερό "Death Star" (Αστέρι Θανάτου) ικανό να καταστρέψει ολόκληρους πλανήτες. Η πριγκίπησσα Λέα, αρχηγός του αντιστασιακού κινήματος, καταξέρνει να αποκτήσει σχέδια του Death Star και τα τοποθετεί στον R2D2, ένα ανδροειδές, και τον στέλνει να βρει τον Obi-Wan Kenobi. Πριν τον βρει, καταλήγει στην φάρμα του Skywalker με τον φίλο του C3PO. Ο Luke τους ακολουθεί και τελικά συναντούν τον Obi-Wan. Όλοι μαζί προσπαθούν να καταστρέψουν το Death Star. | |
| 546 | |a Στα αγγλικά με υπότιτλους στα ελληνικά. | ||
| 650 | 0 | |a Space warfare |v Drama. | |
| 655 | 7 | |a Feature films |2 lcgft | |
| 700 | 1 | |a Lucas, George, |d 1944- |e aus |e drt | |
| 700 | 1 | |a Hamill, Mark, |e act | |
| 700 | 1 | |a Ford, Harrison, |d 1942- |e act | |
| 700 | 1 | |a Fisher, Carrie, |e act | |
| 700 | 1 | |a Cushing, Peter, |d 1913-1994, |e act | |
| 700 | 1 | |a Guinness, Alec, |d 1914-2000, |e act | |
| 852 | |a INST |b SYROS |c AV |e 20121001 |h 791.437 LUC |p 005500010098 |q 005500010098 |t DVD |y 23 | ||
| 901 | |a BIBL5-2008-1 | ||
| 920 | |a Αναμόρφωση |b ΕΠΕΑΕΚ ΙΙ-ΤΜΣΠΣ |y Σύρος |z 2006-06 | ||
| 970 | |a Κοντού |b Παρασκευή |z 01/10/2012 | ||